Answer starts and ends with same letter - Statistics

General Stats
  • This quiz has been taken 28 times
  • The average score is 15 of 23
Answer Stats
Hint Answer % Correct
O Capital of Norway {Oslo}
96%
W Capital of Poland {Warsaw}
96%
K Photographic brand {Kodak}
91%
T Useful for camping {Tent}
91%
C Related to the heart {Cardiac}
87%
M Institute showcasing arts and artefacts {Museum}
87%
N Indian bread {Naan}
87%
Y Annually {Yearly}
83%
E Female sheep {Ewe}
78%
R Radiolocation detection system {Radar}
78%
A Capital of Turkey {Ankara}
70%
D Celtic religious leader {Druid}
70%
X Photocopy {Xerox}
70%
P Character in "Great Expectations" {Pip}
61%
U Landmark in Australia {Uluru}
52%
B Major demon {Beelzebub}
48%
H Hebrew female name {Hannah}
48%
L Plant leaf used to make wreaths {Laurel}
43%
G Norwegian composer {Grieg}
39%
F Fire resistant {Flameproof}
30%
I "Here" in French {Ici}
30%
Z French singer {Zaz}
17%
S Tarkovsky film {Solaris}
13%
No matching quizzes found
Score Distribution
Percent of People with Each Score
Percentile by Number Answered
Your Score History
You have not taken this quiz